00234nam a2200097Ia 4500001000800000005001700008008004100025020001800066245003300084260001900117127219820260417151424.0260417s9999 xx 000 0 und d a9786257854610 0aPostacı FerocDidem Demirel bKetebe Çocuk